Gateway to the Great Books 5: Critical Essays
Na minha lista:
| Formato: | Livro |
|---|---|
| Idioma: | Undetermined |
| Publicado em: |
Estados Unidos
Encyclopedia Britanica
1963
|
| Assuntos: | |
| Tags: |
Adicionar Tag
Sem tags, seja o primeiro a adicionar uma tag!
|
MARC
| LEADER | 00000nam a2200000Ia 4500 | ||
|---|---|---|---|
| 008 | 170316s9999 xx 000 0 und d | ||
| 040 | |a cru BVZT | ||
| 090 | |a REF | ||
| 245 | |a Gateway to the Great Books 5: Critical Essays | ||
| 260 | |a Estados Unidos | ||
| 260 | |b Encyclopedia Britanica | ||
| 260 | |c 1963 | ||
| 300 | |a 411 páginas Vol. 5 | ||
| 650 | |a REFERENCIA | ||
| 650 | |a ENSAYOS CRÍTICOS | ||
| 942 | |c REF | ||
| 999 | |c 14933 |d 14933 | ||
